Wiley interdisciplinary reviews: WIREs / Computational statistics

Gespeichert in:  
Bibliographische Detailangaben
Medienart: Elektronisch Zeitschrift
Sprache:Englisch
Veröffentlicht: Malden, MA Wiley-Blackwell 2009-
In:Jahr: 2009
Online-Zugang: Volltext (Frontdoor-Url)
Volltext (Resolving-System)
Volltext (Verlag)
Verfügbarkeit prüfen: HBZ Gateway
Subito Bestelldienst: Jetzt bestellen.
Bände / Aufsätze:Bände / Aufsätze anzeigen.
Schlagwörter:

MARC

LEADER 00000cas a2200000 c 4500
001 609406124
003 DE-627
005 20250128125215.0
007 cr |||||||||||
008 090923c20099999xxub| p|o 0 |0eng c
016 7 |a 996912312  |2 DE-101 
016 7 |a 2515853-3  |2 DE-600 
022 |a 1939-0068 
024 7 |a 10.1002/(ISSN)1939-0068  |2 doi 
035 |a (DE-627)609406124 
035 |a (DE-576)311324746 
035 |a (DE-599)ZDB2515853-3 
035 |a (OCoLC)699282503 
040 |a DE-627  |b ger  |c DE-627  |e rakwb 
041 |a eng 
044 |c XD-US 
082 0 4 |a 004  |q DE-600 
084 |a 31.73  |2 bkl 
084 |a 31.80  |2 bkl 
084 |a 54.70  |2 bkl 
245 0 0 |a Wiley interdisciplinary reviews  |b WIREs  |p Computational statistics 
246 1 |i Abweichender Titel  |a Wiley interdisciplinary reviews / Computational statistics 
246 3 3 |a WIREs / Computational statistics 
246 3 3 |a Interdisciplinary reviews / Computational statistics 
264 3 1 |a Malden, MA  |b Wiley-Blackwell  |c 2009- 
300 |a Online-Ressource 
336 |a Text  |b txt  |2 rdacontent 
337 |a Computermedien  |b c  |2 rdamedia 
338 |a Online-Ressource  |b cr  |2 rdacarrier 
362 0 |a 1.2009 - 
363 0 1 |a 1  |i 2009 
500 |a Gesehen am 21.09.09 
655 7 |a Zeitschrift  |0 (DE-588)4067488-5  |0 (DE-627)10454466X  |0 (DE-576)20917000X  |2 gnd-content 
776 1 |x 1939-5108 
856 4 0 |u https://doi.org/10.1002/(ISSN)1939-0068  |x Resolving-System  |7 1 
856 4 0 |u https://onlinelibrary.wiley.com/journal/19390068  |x Verlag  |7 1 
856 4 0 |u https://ezb.ur.de/?2515853-3  |x Frontdoor-Url  |7 1 
912 |a ZDB-296-DEAL5 
936 b k |a 31.73  |j Mathematische Statistik  |q SEPA  |0 (DE-627)106418998 
936 b k |a 31.80  |j Angewandte Mathematik  |q SEPA  |0 (DE-627)106419005 
936 b k |a 54.70  |j Computermethodik: Allgemeines  |q SEPA  |0 (DE-627)106410598 
951 |a JT 
ELC |a 1 
LOK |0 000 xxxxxcy a22 3n 4500 
LOK |0 001 2806236649 
LOK |0 003 DE-627 
LOK |0 004 609406124 
LOK |0 005 20240412140653 
LOK |0 007 ccruuuuuuuuuuuu 
LOK |0 008 140705||||||||||||||||ger||||||| 
LOK |0 035   |a (DE-600)294312218 
LOK |0 040   |a DE-21  |c DE-627  |d DE-21 
LOK |0 092   |o k 
LOK |0 093   |e Volltext nur online  |f Konsortiallizenz  |g Kostenpflichtig 
LOK |0 852   |z kein Subito 
LOK |0 852   |a DE-21 
LOK |0 852 1  |9 00 
LOK |0 85640  |u https://ezb.ur.de/detail.phtml?bibid=UBTUE&jour_id=124709  |x EZB 
LOK |0 85900  |8 1.1  |a 1  |i 2009 
LOK |0 85910  |8 1.2  |a 1  |i 2009 
LOK |0 866   |x Konsortium BaWü 
LOK |0 86630  |a 1.2009,1 - 1.2009,3 
LOK |0 935   |a cofz  |a zezb 
LOK |0 938   |l Volltext nur online  |8 0 
LOK |0 938   |l Konsortiallizenz  |8 1 
LOK |0 938   |l Kostenpflichtig  |8 2 
LOK |0 939   |a 30-10-18  |b zez 
LOK |0 000 xxxxxcy a22 3n 4500 
LOK |0 001 2806236657 
LOK |0 003 DE-627 
LOK |0 004 609406124 
LOK |0 005 20240413085555 
LOK |0 007 ccruuuuuuuuuuuu 
LOK |0 008 140705||||||||||||||||ger||||||| 
LOK |0 035   |a (DE-600)294312226 
LOK |0 040   |a DE-21  |c DE-627  |d DE-21 
LOK |0 093   |e Volltext nur online  |f Einzellizenz  |g Kostenpflichtig 
LOK |0 852   |a DE-21 
LOK |0 852 1  |9 00 
LOK |0 85640  |u https://ezb.ur.de/detail.phtml?bibid=UBTUE&jour_id=124709  |x EZB 
LOK |0 85900  |8 1.1  |a 1  |i 2009 
LOK |0 85910  |8 1.2  |a 3  |i 2011 
LOK |0 866   |x Wiley-Blackwell Opt-in Access 
LOK |0 86630  |a 1.2009,1 - 3.2011,6 
LOK |0 935   |a cofz  |a zezb 
LOK |0 938   |l Volltext nur online  |8 0 
LOK |0 938   |l Einzellizenz  |8 1 
LOK |0 938   |l Kostenpflichtig  |8 2 
LOK |0 939   |a 30-10-18  |b zez 
LOK |0 000 xxxxxcy a22 3n 4500 
LOK |0 001 3670157336 
LOK |0 003 DE-627 
LOK |0 004 609406124 
LOK |0 005 20250109004823 
LOK |0 007 ccruuuuuuuuuuuu 
LOK |0 008 200523||||||||||||||||ger||||||| 
LOK |0 035   |a (DE-600)678158320 
LOK |0 040   |a DE-21  |c DE-627  |d DE-21 
LOK |0 092   |o e  |p n 
LOK |0 093   |e Volltext nur online  |f Konsortiallizenz  |g Kostenpflichtig 
LOK |0 852   |a DE-21 
LOK |0 852 1  |9 00 
LOK |0 85640  |u https://ezb.ur.de/detail.phtml?bibid=UBTUE&jour_id=124709  |x EZB 
LOK |0 85901  |8 1.1  |a 1  |i 2009 
LOK |0 866   |x DEAL 
LOK |0 86630  |a 1.2009 - 
LOK |0 912   |a deal_wiley 
LOK |0 935   |a cofz  |a zezb 
LOK |0 938   |l Volltext nur online  |8 0 
LOK |0 938   |l Konsortiallizenz  |8 1 
LOK |0 938   |l Kostenpflichtig  |8 2 
LOK |0 939   |a 08-05-20  |b zez 
ORI |a SA-MARC-krimdokb001.raw 
SPR |a 1  |t KRI